00970nam a2200301Ia 450000500170000000800410001702000180005804100080007610000200008424500910010425000180019530000250021349000200023850000420025865000350030065000390033565000300037465000360040470000350044094200150047526400290049033600270051933700330054633800280057904000350060708400110064299900150065320220317001833.0170410s2013 s g 000 f s  a9788483463758 aspa1 aOz, Amosd1939-10aDe repente en lo profundo del bosquecAmos Oz ; traducción de Raquel García Lozano a2a. edición a150 páginasc19 cm aContemporánea aIncluye datos biográficos del autor142LEMBaNovela israeliySiglo XX142LEMBaLiteratura israeliySiglo XX142LEMBaNovela fantástica142LEMBaSecretos en la literatura1 aGarcía Lozano, Raquel977726 2loccBKLIT aMadridbDebolsilloc2013 atextobtxt2rdacontent asin mediaciónbn2rdamedia avolumenbnc2rdacarrier aCO-BoRNBPbspaerdacCO-BoRNBP aN OZA1 c8261d8261